Music Quiz

Random Music or Lyrics Quiz

Farmer Refuted Lyrics Quiz Stats

Quiz not verified by Sporcle

Challenge
Share
Tweet
Embed
Score 0/253 Timer 12:00
0 Plays Today
% Correct
Hear
100%
Hear
100%
The
100%
The
100%
Not
100%
The
100%
Revolution
100%
Not
100%
Not
100%
A
100%
Not
100%
A
100%
The
100%
The
100%
The
100%
Revolution
100%
The
100%
A
100%
The
100%
N'
100%
N'
100%
Not
100%
The
100%
The
100%
He
100%
The
100%
Revolution!
100%
The
100%
Revolution!
100%
Not
100%
The
100%
Not
100%
A
100%
The
100%
The
100%
The
100%
A
100%
The
100%
A
100%
The
100%
A
100%
The
100%
My
99.4%
And
99.4%
I
99.4%
Scream
99.4%
My
99.4%
And
99.4%
I
99.4%
And
99.4%
And
99.4%
My
99.4%
I
99.4%
Scream-
99.4%
Ye,
98.7%
Ye!
98.7%
Is
98.7%
Of
98.7%
Congress!'
98.7%
They
98.7%
Have
98.7%
At
98.7%
You
98.7%
Congress
98.7%
Me
98.7%
You
98.7%
Have
98.7%
You
98.7%
At
98.7%
Of
98.7%
Is
98.7%
Have-nots
98.7%
You
98.7%
You
98.7%
At
98.7%
You
98.7%
Congress?!
98.7%
Me
98.7%
Is
98.7%
You
98.7%
Is
98.7%
You
98.7%
At
98.7%
Me,
98.7%
Me!
98.7%
% Correct
Of
98.7%
Your
98.1%
This
98.1%
This
98.1%
For
98.1%
For
98.1%
For
98.1%
This
98.1%
For
98.1%
Your
98.1%
In
98.1%
For
98.1%
For
98.1%
For
98.1%
For
98.1%
Your
98.1%
Speak
97.4%
King
97.4%
Speak
97.4%
King
97.4%
Sea
97.4%
King!
97.4%
King!
97.4%
King!
97.4%
Who
96.8%
Don't
96.8%
Don't
96.8%
Don't
96.8%
Name
96.1%
Does
96.1%
Shame,
96.1%
Shame...
96.1%
Does
96.1%
Shame
96.1%
Shame!
96.1%
Samuel
95.5%
Heed
95.5%
Are
95.5%
Are
95.5%
Heed-
95.5%
Tea?
95.5%
His
94.2%
Mercy
94.2%
His
94.2%
Mercy
94.2%
Bloodshed
93.5%
Solution
93.5%
Let
93.5%
Let
93.5%
Be
93.5%
Shows
93.5%
Yo!
93.5%
Bloodshed
93.5%
Shows
93.5%
Be
93.5%
Interests
92.9%
Oh
92.9%
God.
92.9%
Pray
92.9%
Dog
92.9%
Pray
92.9%
Interests-
92.9%
Tear
92.2%
Speaks
92.2%
More
92.2%
Heart
91.6%
Chaos
91.6%
With
91.6%
Chaos
91.6%
With
91.6%
Seabury
90.9%
Dude
90.9%
Apart
90.9%
Them
90.9%
Jersey?
90.9%
Should
90.9%
On
90.3%
Astray
90.3%
Message
90.3%
Message
90.3%
Message
90.3%
Him
89.6%
Eloquently
89.6%
Lead
89%
Dangerous
89%
% Correct
Game
89%
Price
89%
From
89%
From
89%
From
89%
They're
88.3%
Playing
88.3%
Gonna
88.3%
Gonna-
88.3%
Why
88.3%
Across
88.3%
Tiny
87.7%
Island
87.7%
To
86.4%
To
86.4%
I'm
86.4%
Regulate
86.4%
Thoughts
85.7%
Continental
85.1%
About
84.4%
About
84.4%
Key
84.4%
Debate
83.8%
Talk.
83.1%
Talk
83.1%
'Free
82.5%
Modulate
82.5%
Then
82.5%
Present
81.8%
All
81.8%
All
81.8%
Alexander,
81.8%
Burr,
81.8%
Than
81.2%
Than
81.2%
Silence!
80.5%
If
79.9%
Please
79.9%
Please!
79.9%
Rather
79.9%
But
79.2%
Look
79.2%
But
79.2%
Yourself
79.2%
Look
79.2%
I'd
79.2%
Comin'
78.6%
Mange
78.6%
Same
78.6%
Repeat
78.6%
Again
78.6%
It's
77.9%
Straight
77.3%
Face
77.3%
Indecisive,
77.3%
That
76.6%
Hard
76%
Already
76%
Listen
75.3%
Lost
75.3%
What
74%
Boston?
73.4%
Cost,
73.4%
We've
73.4%
Drop
73.4%
Win
72.1%
Niceties
72.1%
Proceedings
71.4%
Us,
71.4%
Sound
70.8%
Read!
69.5%
Rabble
68.8%
Haunt
68.8%
Strangely,
66.9%
Screams
64.9%
Divisive
64.3%
Thee!
63%
Honestly
62.3%
Honestly,
62.3%
He'd
60.4%
Unravel
59.1%
Even
54.5%
Shouldn't
50%

You're not logged in!

Compare scores with friends on all Sporcle quizzes.
Sign Up with Email
OR
Log In

You Might Also Like...

Show Comments

Extras

Top Quizzes Today


Score Distribution

Your Account Isn't Verified!

In order to create a playlist on Sporcle, you need to verify the email address you used during registration. Go to your Sporcle Settings to finish the process.

Report this User

Report this user for behavior that violates our Community Guidelines.

Details: